000 00234nam a2200097Ia 4500
008 240331s9999 xx 000 0 und d
082 _a303.4
_bFRO
100 _aMorris,A.D. ed
245 0 _aFrontiers in social movement theory
942 _cL
999 _c1234
_d1234